000 00663nam a2200181 a 4500
001 000043931
005 20240307145622.0
008 140509s2004 sp ac 000 0 spa d
020 _a8436938461
040 _aDO-SdBNP
_bspa
_cBNPHU
100 1 _aAzor Lacasta, Ana
_971861
245 1 0 _aDioses y Demonios :
_bmanifestaciones de la religiosidad popular en América del Sur /
_cAna Azor Lacasta.
260 _a[Madrid] :
_bMuseo de América,
_c[200-].
300 _a136 p. :
_bil. ;
_c29 cm.
504 _aBibliografía : p. 133-136
504 _aIncluye referencias bibliográficas y notas al pie de las páginas
710 1 _aEspaña.
_bMinisterio de Cultura
_970975
999 _c43420
_d43420